00490nam a2200193Ia 4500003000400000005001700004008004100021020002200062040000700084041000800091082002100099100001700120245005100137260004300188300001700231365001300248440001700261650001800278OSt20230323115451.0210423s2016 xx 000 0 und d a978-93-85936-81-4 cAL aeng a822.3 223bJONV aJONSON (Ben) aVolpone Ed by Robert N WatsoncRobert N Watson aNew DelhibBloomsbury Publishingc2016 axxxv,171bPB b199cINR aNew mermaids aEnglish Drama